25 Lecciones: derecho de familia

Detalles Bibliográficos
Autor principal: Ortega-Vľez, Ruth E.
Formato: eBook
Lenguaje:español
Publicado: Barcelona: Editorial vLex, 2018
Materias:
Acceso en línea:Acceso restringido

MARC

LEADER 00000nam a22000007a 4500
005 20180424220256.0
007 cr|||| ||||
008 180424s2018 pr |||||s|||| 00||0 spa d
035 |a 21471 
040 |a vLex 
090 |c 7813  |d 7813 
100 1 |a Ortega-Vľez, Ruth E. 
245 1 0 |a 25 Lecciones: derecho de familia  |h [Recurso electrn̤ico] /  |c Ruth E. Ortega-Vľez 
256 |a Servicio en ln̕ea 
260 |a Barcelona:  |b Editorial vLex,  |c 2018 
300 |a 1 recurso electrn̤ico 
506 1 |a Disponible solo en los productos indicados  |d vLex Global  |d vLex Global (Academic Edition, excluding Law Schools)  |d vLex Global (U.S. Academic Edition, Law Schools)  |d vLex Global (U.S. Academic Edition, excluding Law Schools)  |d vLex Global (Academic Edition, Law Schools) 
650 0 4 |a Derecho Civil  |z Puerto Rico 
650 0 4 |a Familia y Sucesiones  |z Puerto Rico 
740 0 |a vLex Libros (Servicio en ln̕ea) 
856 4 0 |u http://vlex.com/source/25-lecciones-derecho-de-familia-21471  |z Acceso restringido 
942 |c BOOK 
999 0 |a Civil Law 
999 0 |a Family and Successions